Harry Potter - Mort subite - Statistiques

Statistiques générales
  • Ce quiz a été pris 2 108 fois
  • Le résultat moyen est 17 sur 20
Answers on the Grid
Answers color-coded by a green-red scale on the quiz's grid according to % correct below.
Nymphadora Tonks
Neville Londubat
Eddie Munson
Luna Lovegood
Robin Arryn
Sybille Trelawney
Harry Potter
Hermione Granger
Legolas
Ginny Weasley
Remus Lupin
Buzz l'éclair
Vernon Dursley
Ellen Ripley
Sirius Black
Hagrid
Mace Windu
Drago Malefoy
Amycus Carrow
Pompom Pomfresh
Ron Weasley
Samy Weasley
Bruce Banner
Bellatrix Lestrange
Severus Rogue
Voldemorve
Victor Stone
Hedwige
Dobby
Pétunia Dursley
 
Statistiques - réponses
Réponse % Correct
Harry Potter
95%
Luna Lovegood
93%
Neville Londubat
93%
Ginny Weasley
92%
Hagrid
92%
Hermione Granger
92%
Sirius Black
91%
Drago Malefoy
90%
Remus Lupin
90%
Ron Weasley
90%
Bellatrix Lestrange
87%
Vernon Dursley
86%
Nymphadora Tonks
85%
Severus Rogue
85%
Dobby
84%
Hedwige
83%
Pétunia Dursley
79%
Sybille Trelawney
76%
Pompom Pomfresh
63%
Amycus Carrow
52%
Aucun quiz correspondant
Distribution des résultats
% des personnes avec chaque résultat
Percentile par nombre de réponses
Votre historique - résultats
Vous n’avez pas pris ce quiz